Memoria

Kaydedildi:
Detaylı Bibliyografya
Müşterek Yazar: Universidad Nacional. Vicerrector+a Académica. Proyecto Unir
Materyal Türü: Metin
Baskı/Yayın Bilgisi: Heredia: UNA
Konular:
Etiketler: Etiketle
Etiket eklenmemiş, İlk siz ekleyin!

MARC

LEADER 00000 a a2200000 04500
001 31070
003
040
090 |a 197500  
110 |a Universidad Nacional. Vicerrector+a Académica. Proyecto Unir  
245 |a Memoria  
260 |a Heredia:   |b UNA  
300 |a 79 p.   |b map.  
650 |a DESARROLLO RURAL  
650 |a PROYECTOAS AGRICOLAS  
650 |a INFORMES SOBRE PROYECTOS  
650 |a ORGANIZACIONES NO GUBERNAMENTALES  
650 |a INSTITUCIONES DEL ESTADO  
650 |a CREDITOS  
650 |a PRODUCCION  
650 |a FINANCIAMIENTO  
999 |c 10383  |d 10383